The Role of Machine Learning Adoption in Enterprises: Literature Review and European Insights

Strojové učenie (ML) predstavuje jednu z najtransformatívnejších technológií, ktoré formujú moderné obchodné prostredie. Jeho schopnosť spracovávať veľké objemy údajov a generovať prediktívne poznatky ponúka nové príležitosti pre rozhodovanie riadené dátami a strategické riadenie. Napriek jeho rastú...

Descrizione completa

Salvato in:
Dettagli Bibliografici
Autore principale: Pallérová, Diana, 1999-
Natura: Capitolo di libro
Lingua:inglese
Soggetti:
Tags: Aggiungi Tag
Nessun Tag, puoi essere il primo ad aggiungerne!!

MARC

LEADER 00000naa$a2200000$$$4500
001 0315551
005 20260325100121.3
041 0 |a eng 
044 |a CZ 
245 1 0 |a The Role of Machine Learning Adoption in Enterprises: Literature Review and European Insights  |c Diana Pallérová 
520 |a Strojové učenie (ML) predstavuje jednu z najtransformatívnejších technológií, ktoré formujú moderné obchodné prostredie. Jeho schopnosť spracovávať veľké objemy údajov a generovať prediktívne poznatky ponúka nové príležitosti pre rozhodovanie riadené dátami a strategické riadenie. Napriek jeho rastúcemu potenciálu a výhodám je však skutočné prijatie ML v podnikoch stále relatívne obmedzené. 
610 2 0 |a učenie strojové 
610 2 0 |a riadenie strategické 
610 2 0 |a inteligencia umelá 
610 2 0 |a digitalizácia 
610 2 0 |a prostredie podnikateľské 
610 2 0 |a Európska únia 
100 1 |a Pallérová, Diana, 1999-